00364nam a2200145Ia 4500008004100000020001500041041001200056082001600068100001600084245004600100260003500146300000800181650001500189700001400204221030s9999 xx 000 0 und d a8173917094 aEnglish a105.23bRai aC. L. Raina 0aFundamentals Of Tourism & Indian Religion bKanishka Pub.aNew Delhic2003 a224 aManagement aA.k Raina